[Event "EYg16"]
[Site "Herceg Novi MNE"]
[Date "2008.09.17"]
[Round "3"]
[White "Iordanidou,Z"]
[Black "Grigorian,Mar"]
[Result "0-1"]
[WhiteElo "2060"]
[BlackElo "2131"]

1.e4 d6 2.d4 Nf6 3.Nc3 e5 4.Nf3 Nbd7 5.Bc4 Be7 6.O-O O-O 7.Re1 c6 8.a4 exd4
9.Nxd4 Ne5 10.Bf1 Re8 11.h3 Qc7 12.f4 Ng6 13.g3 Bd7 14.Bg2 Rad8 15.Be3 Bf8
16.Bf2 b6 17.Qf3 a6 18.g4 c5 19.Nb3 h6 20.Bf1 Qb7 21.Bc4 b5 22.axb5 axb5
23.Bd5 Qc7 24.f5 Ne5 25.Qg2 b4 26.Ne2 Nxd5 27.exd5 Be7 28.Nd2 Bb5 29.Ne4 Bc4
30.Nf4 Bg5 31.Nxg5 hxg5 32.Nh5 Qb7 33.Red1 Be2 34.Rdc1 Bf3 35.Qf1 Bxd5 36.Bg3 Bc4
37.Qg2 Nf3+ 38.Kh1 Bd5  0-1

[Event "EYg16"]
[Site "Herceg Novi MNE"]
[Date "2008.09.17"]
[Round "3"]
[White "Zakoscielna,K"]
[Black "Veretennikova,D"]
[Result "1-0"]
[WhiteElo "2125"]
[BlackElo "2002"]

1.e4 d6 2.d4 Nf6 3.Nc3 e5 4.Nf3 Nbd7 5.h3 Be7 6.Be3 c6 7.Qd2 O-O 8.g4 exd4
9.Nxd4 d5 10.exd5 Nxd5 11.Nxd5 cxd5 12.O-O-O Nb6 13.f4 Bd7 14.f5 Qc8 15.Qf2 Bf6
16.Kb1 Nc4 17.Bxc4 dxc4 18.Rhf1 Be7 19.g5 f6 20.g6 hxg6 21.fxg6 f5 22.Qf3 Re8
23.Qd5+ Kh8 24.Nxf5 Be6 25.Qf3 Bf6 26.Qh5+ Kg8 27.Qh7+ Kf8 28.Qh8+ Bg8 29.Bd4 Bxd4
30.Nd6+ Bf6 31.Rxf6+  1-0

[Event "4th Pichay Cup"]
[Site "Manila PHI"]
[Date "2008.09.17"]
[Round "6"]
[White "Yu Lie"]
[Black "Cantonjos,A"]
[Result "1-0"]
[WhiteElo "2377"]
[BlackElo "2205"]

1.e4 d6 2.d4 Nf6 3.Nc3 c6 4.f3 e6 5.Be3 Be7 6.Qd2 b5 7.g4 h6 8.Nge2 b4 9.Nd1 d5
10.e5 Nfd7 11.f4 c5 12.Bg2 Nb6 13.b3 c4 14.Nf2 a5 15.O-O Ba6 16.Nh3 h5 17.gxh5 Rxh5
18.Ng3 Rf5 19.Nxf5 exf5 20.Rf3 Qd7 21.Rg3 g6 22.e6 Qxe6 23.Re1 Nc6 24.Ng5 Qf6
25.Rh3 O-O-O 26.Rh7 Rf8 27.Bf2 Bd8 28.Re5 Nxe5 29.dxe5 Qc6 30.Nxf7 Bc7 31.Nd6+ Kb8
32.Kh1 cxb3 33.axb3 Qc3 34.Qxc3 bxc3 35.Bxb6 Bxb6 36.e6 Rd8 37.e7 d4 38.exd8=Q+ Bxd8
39.Nb5 d3 40.Nxc3 dxc2 41.Na2 Bb6 42.Re7 Bc7 43.Re3 a4 44.Rc3 Bxf4 45.bxa4 g5
46.Rxc2 Be3 47.Nb4  1-0

[Event "4th Pichay Cup"]
[Site "Manila PHI"]
[Date "2008.09.17"]
[Round "6"]
[White "Andador,R"]
[Black "Olay,E"]
[Result "0-1"]
[WhiteElo "2335"]
[BlackElo "2398"]

1.e4 d6 2.d4 Nf6 3.Nc3 e5 4.dxe5 dxe5 5.Qxd8+ Kxd8 6.f4 Bb4 7.Bd2 exf4 8.O-O-O Be6
9.Bxf4+ Nbd7 10.Nd5 Bxd5 11.exd5 Bd6 12.Nh3 h6 13.Be2 a6 14.Rhf1 b5 15.Rd3 Re8
16.Bd1 Rb8 17.Bd2 b4 18.Nf4 Re5 19.h4 Rb5 20.g4 Ke8 21.Rdf3 Re7 22.a4 bxa3
23.b3 Ne4 24.Be1 Nb6 25.Be2 Bxf4+ 26.Rxf4 Rxd5 27.Bf3 Rde5 28.Bb4 a2 29.Kb2 R7e6
30.Re1 a5 31.Ba3 Nd6 32.Bc6+ Ke7 33.Ref1 f6 34.c4 Nd7 35.Kxa2 Nc5 36.R4f3 Nxc4
37.Bd5 Re2+ 38.Ka1 Nxa3 39.Bxe6 Kxe6 40.Rc3 Ne4 41.Rc6+ Kd7 42.Rfc1 Nb5 43.g5 hxg5
44.hxg5 Nxg5 45.R6c5 Re5 46.Rxe5 fxe5 47.Rc5 c6 48.Rxe5 Ne6  0-1

[Event "EYb14"]
[Site "Herceg Novi MNE"]
[Date "2008.09.18"]
[Round "4"]
[White "Lagarde,Max"]
[Black "Lortkipanidze,N"]
[Result "1/2-1/2"]
[WhiteElo "2322"]
[BlackElo "2080"]

1.e4 d6 2.d4 Nf6 3.Nc3 e5 4.Nge2 exd4 5.Nxd4 Be7 6.Nde2 O-O 7.g3 b5 8.Bg2 Bb7
9.O-O b4 10.Nd5 Nxd5 11.exd5 Bf6 12.a3 a5 13.axb4 axb4 14.Rxa8 Bxa8 15.Nf4 Na6
16.b3 Qd7 17.Be3 Be5 18.Qe2 Bb7 19.Qc4 Rb8 20.h4 Bc8 21.Nd3 Bf6 22.Ba7 Ra8
23.Bd4 Bxd4 24.Qxd4 Qb5 25.Ra1 Rb8 26.Bf1 Qb6 27.Qe4 Bd7 28.Qe7 Bb5 29.Nf4 Bxf1
30.Rxf1 h6 31.Re1 Qc5 32.Qe2 Qc3 33.g4 Nc5 34.g5 hxg5 35.hxg5 g6 36.Kg2 Kg7
37.Rh1 Qe5 38.Qg4 Ne4 39.Re1 Qxg5 40.Qxg5 Nxg5 41.Re7 Rb7 42.Nd3 Kf6 43.Re8 Kf5
44.Re7 Kf6  1/2-1/2

[Event "4th ch-EU"]
[Site "Liverpool ENG"]
[Date "2008.09.18"]
[Round "10"]
[White "Luther,T"]
[Black "Conquest,S"]
[Result "1-0"]
[WhiteElo "2570"]
[BlackElo "2536"]

1.e4 d6 2.d4 Nf6 3.Nc3 c6 4.f4 Qa5 5.Bd3 e5 6.Nf3 Bg4 7.Bd2 Qb6 8.fxe5 dxe5
9.dxe5 Nfd7 10.e6 fxe6 11.Qe2 Ne5 12.O-O-O Nbd7 13.h3 Nxf3 14.gxf3 Bh5 15.Rhg1 Ne5
16.Bf4 Bxf3 17.Qh2 Bxd1 18.Bxe5 Bh5 19.Bc7 Qe3+ 20.Kb1 Bc5 21.Rf1 Rf8 22.Rc1 Qg5
23.h4 Qe7 24.Na4 Be3 25.Re1 Rf7 26.Bd6 Qf6 27.Qh3 Bd2 28.e5 Qh6 29.Rh1 Bf3
30.Rf1 Bh5 31.Nc5 Rxf1+ 32.Qxf1 Bf7 33.Ba6 Rd8 34.Bxb7 Rxd6 35.exd6 Kf8 36.Bxc6 Kg8
37.Ne4 Ba5 38.Ng5 Qf6 39.Qe2 Qd4 40.Qf1 Bg6 41.Be4  1-0

[Event "4th Pichay Cup"]
[Site "Manila PHI"]
[Date "2008.09.18"]
[Round "7"]
[White "Salubre,J"]
[Black "Cantonjos,A"]
[Result "1-0"]
[WhiteElo "2322"]
[BlackElo "2205"]

1.e4 d6 2.d4 Nf6 3.Nc3 c6 4.a4 Qa5 5.Bd2 e5 6.Nge2 Qc7 7.h3 g6 8.Be3 Bg7
9.g3 O-O 10.Bg2 Kh8 11.O-O Ng8 12.Qd2 f5 13.dxe5 dxe5 14.Rfd1 Na6 15.exf5 gxf5
16.f4 e4 17.a5 Qf7 18.Nd4 Qg6 19.Qf2 Nf6 20.Nde2 Rg8 21.Rd6 Qf7 22.Bd4 Nb4
23.Rc1 Be6 24.Be5 a6 25.Nd4 Rae8 26.Rxe6 Rxe6 27.Nxf5 Nbd5 28.Qd4 Nxc3 29.Qxc3 Rxe5
30.Qxe5 Nd5 31.Qxe4 Bxb2 32.Rb1 Qf6 33.Rf1 Nc3 34.Qb4 Nb5 35.g4 Bc3 36.Qb1 h5
37.Qd1 hxg4 38.hxg4 Nd4 39.Ng3 Ne6 40.g5 Qd4+ 41.Qxd4+ Bxd4+ 42.Kh2 Rf8 43.Nh5 Bc3
44.Kg3 Bd2 45.Kg4 Rd8 46.Rh1 Rd4 47.Kf5 Nf8 48.Be4 Kg8 49.Nf6+ Kg7 50.Rb1 Rb4
51.Rd1 Rb5+ 52.Kg4 Bxa5 53.Ne8+ Kg8 54.Bd3 Rb4 55.g6 Ne6 56.c4 Kf8 57.Re1 Kxe8
58.Rxe6+ Kf8 59.Rf6+ Kg8 60.Bf5 Rb2 61.Be6+ Kg7 62.Kf5  1-0

[Event "EYg18"]
[Site "Herceg Novi MNE"]
[Date "2008.09.19"]
[Round "5"]
[White "Veleska,V"]
[Black "Orehek,S"]
[Result "1/2-1/2"]
[WhiteElo "1700"]
[BlackElo "1886"]

1.e4 d6 2.d4 Nf6 3.Nc3 e5 4.Nf3 Nbd7 5.Bc4 Be7 6.Bxf7+ Kxf7 7.Ng5+ Kg8 8.Ne6 Qe8
9.Nxc7 Qg6 10.Nxa8 Qxg2 11.Rf1 exd4 12.Qxd4 Ne5 13.f3 Bh3 14.Qf2 Qxf1+ 15.Qxf1 Bxf1
16.Kxf1 Nxf3 17.Bf4 Nd4 18.Nc7 Nh5 19.N3d5 Nxf4 20.Nxe7+ Kf7 21.c3 Nc2 22.Rc1 Ne3+
23.Kf2 Nc4 24.Kf3 Nd3 25.Rg1 Kxe7 26.Rxg7+ Kf6 27.Rg3 Rf8 28.Ke2 Nf4+ 29.Kd1 Ke5
30.b3 Nb6 31.Nb5 Ne6 32.Rh3 Rf1+ 33.Kd2 Nf4 34.Rxh7 Kxe4 35.Nxd6+ Kf3 36.c4 Rf2+
37.Kc3 Rxa2 38.Nxb7 a5 39.Kd4 Ne6+ 40.Ke5 Ng5 41.Rg7 Re2+ 42.Kd6 Ne4+ 43.Kc6 Nxc4
44.Kb5 Ncd6+ 45.Nxd6 Nxd6+ 46.Kxa5 Rxh2 47.Re7 Rh5+ 48.Ka6  1/2-1/2

[Event "EYg16"]
[Site "Herceg Novi MNE"]
[Date "2008.09.19"]
[Round "5"]
[White "Penne,B"]
[Black "Veretennikova,D"]
[Result "0-1"]
[WhiteElo "1881"]
[BlackElo "2002"]

1.e4 d6 2.d4 Nf6 3.Nc3 e5 4.dxe5 dxe5 5.Qxd8+ Kxd8 6.Bg5 Be6 7.g3 Kc8 8.f4 Bb4
9.Bxf6 Bxc3+ 10.bxc3 gxf6 11.f5 Bd7 12.O-O-O Bc6 13.Re1 Nd7 14.Nh3 Nc5 15.Nf2 Kd8
16.Bg2 Ke7 17.Nd3 Na4 18.Kd2 Rad8 19.Re3 Rhg8 20.Bf3 Rd6 21.Rb1 Rgd8 22.Rb3 Nc5
23.Rb1 a6 24.Ke2 Na4 25.Kd2 b6 26.g4 Bb5 27.Be2 c5 28.Ke1 Nxc3 29.Ra1 Rd4
30.Bf3 Bxd3 31.cxd3 Rxd3 32.Rxd3 Rxd3  0-1

[Event "EYg16"]
[Site "Herceg Novi MNE"]
[Date "2008.09.19"]
[Round "5"]
[White "Homiakova,El"]
[Black "Grigorian,Mar"]
[Result "1/2-1/2"]
[WhiteElo "2078"]
[BlackElo "2131"]

1.e4 d6 2.d4 Nf6 3.Nc3 e5 4.Nf3 Nbd7 5.Bc4 Be7 6.O-O O-O 7.a4 c6 8.Ba2 exd4
9.Nxd4 Ne5 10.h3 Qc7 11.Bf4 Bd7 12.Qe2 Rfe8 13.Rad1 Rad8 14.Bg3 Qb6 15.f4 Ng6
16.Kh1 Qxb2 17.Qf3 Bc8 18.e5 Nd5 19.Bxd5 cxd5 20.Nxd5 Bf8 21.c4 Qa2 22.Nc7 Re7
23.exd6 Rxd6 24.c5 Rdd7 25.Ncb5 Re8 26.Rde1 Rde7 27.Rxe7 Rxe7 28.Nxa7 Bd7
29.f5 Ne5 30.Bxe5 Rxe5 31.Qxb7 Bxa4 32.c6 Qc4 33.Rg1 Qd5 34.Qb6 Re3 35.Kh2 Bd6+
36.g3 h6 37.f6 Rd3 38.Ne2 Bc5 39.Qb8+ Kh7 40.Rg2 Bxa7 41.Qxa7 Bxc6 42.Nf4 Qe4
43.Qxf7 Rd7 44.Qe6 Qxe6 45.Nxe6 Bxg2 46.Nf8+ Kg8 47.Nxd7 Bd5 48.h4 Kf7 49.fxg7 Kxg7
50.Kg1 Kg6 51.Kf2 Kf5 52.Nb6 Be6 53.Kf3 h5 54.Na4 Bd5+ 55.Kf2 Ke5 56.Nc3 Be6
57.Ke3 Bf5 58.Ne2 Be6 59.Nd4 Bg4 60.Nc6+ Kd6 61.Nb4 Ke5 62.Nd3+ Kf6 63.Kf4 Bc8
64.Nf2 Bd7 65.Ne4+ Kg6 66.Ke5 Bh3 67.Ng5 Bg4 68.Ne6 Kf7 69.Ng5+ Kg6 70.Ne4 Bc8
71.Nf6 Bh3 72.Nd5 Bg4 73.Kd6 Bf3 74.Ne3 Kf6 75.Nc2 Bg2 76.Nd4 Be4 77.Ne6 Kf5  1/2-1/2

[Event "4th Pichay Cup"]
[Site "Manila PHI"]
[Date "2008.09.19"]
[Round "9"]
[White "Xu Tong"]
[Black "Cantonjos,A"]
[Result "1/2-1/2"]
[WhiteElo "2249"]
[BlackElo "2205"]

1.e4 d6 2.d4 Nf6 3.Nc3 c6 4.f3 e6 5.Be3 Be7 6.Nge2 a6 7.Qd2 b5 8.g4 h6 9.Ng3 Bb7
10.O-O-O Nbd7 11.h4 Qa5 12.Kb1 b4 13.Nce2 Nb6 14.Nc1 Na4 15.Nb3 Qb6 16.g5 hxg5
17.hxg5 Rxh1 18.Nxh1 Nd7 19.g6 fxg6 20.Bh3 Nf8 21.d5 c5 22.dxe6 O-O-O 23.Bg5 Qc7
24.Na5 Nb6 25.Qd3 d5 26.Nxb7 Kxb7 27.Bxe7 Qxe7 28.exd5 Rxd5 29.Qe4 Kc6 30.Nf2 Nh7
31.Qxg6 Rxd1+ 32.Nxd1 Ng5 33.Bg4 Nd5 34.Qd3 Nc7 35.Ne3 Ngxe6 36.Qe4+ Kd7
37.Nd5 Qd6 38.c4 Kd8 39.Ne3 Qd4 40.Qxd4+ cxd4 41.Ng2 Nc5 42.Kc2 Ke7 43.Nf4 Kd6
44.Kd2 Ke5 45.Ng6+ Kf6 46.Nf4 g5 47.Nd3 Nxd3 48.Kxd3 Ke5 49.Bc8 a5 50.b3 Na8
51.Bb7 Nc7 52.Bc8 Ne8 53.Bb7 Ng7 54.c5 Ne6 55.c6 Kd6 56.Bc8 Nc7 57.Kxd4 Kxc6
58.Ke5 Nb5 59.Be6 Nc3 60.Kf5 Kd6 61.Bc4 Nxa2 62.Kxg5 Nc3 63.f4 Ne4+ 64.Kg6 Ke7
65.f5 Nf6 66.Be6 Ne8 67.Bc4 Nf6 68.Be6 Ng4 69.Bc4 Nf6 70.Kg7  1/2-1/2

[Event "Autumn-3"]
[Site "Alushta UKR"]
[Date "2008.09.20"]
[Round "9"]
[White "Simonian,H"]
[Black "Belikov,V"]
[Result "1/2-1/2"]
[WhiteElo "2452"]
[BlackElo "2536"]

1.e4 d6 2.d4 Nf6 3.Nc3 e5 4.Nf3 Nbd7 5.Bc4 Be7 6.dxe5 Nxe5 7.Nxe5 dxe5 8.Qxd8+ Bxd8
9.f3 c6 10.a4 a5 11.Be3 Nd7 12.Rd1 Be7 13.Ke2 h5 14.Rd2 Bb4 15.Rhd1 Ke7 16.Rd3 Nc5
17.R3d2 Ne6 18.Bb6 h4 19.Kf1 f6 20.Rd3 Nc5 21.R3d2 Nd7 22.Bc7 Ra7 23.Bb3 b6
24.Bd6+ Bxd6 25.Rxd6 Nb8 26.Nb1 Rd7 27.Rxd7+ Nxd7 28.Na3 Nc5 29.Kf2 Bd7 30.Nc4 Rb8
31.Ra1 Be6 32.g3 hxg3+ 33.hxg3 Rh8 34.Kg1 Rd8 35.Nxb6 Bxb3 36.cxb3 Nxb3 37.Ra3 Rd1+
38.Kf2 Rd2+ 39.Ke3 Rxb2 40.Nc4 Rb1 41.Kd3 Nc5+ 42.Kc2 Rb4 43.Nxa5 Kd6 44.Rc3 Rxa4
45.Nc4+ Ke6 46.Ne3 Ra5 47.Nf5 g6 48.Nh4 Kf7 49.Kd1 Ne6 50.Rxc6 Ra1+ 51.Kd2 Rg1
52.Ra6 Rxg3 53.Ra7+ Kg8 54.Ra6 Kf7 55.Ra7+ Kg8 56.Ra6 Nf4 57.Rxf6 Kg7 58.Nf5+ gxf5
59.Rxf5 Ng6 60.Ke2 Kh6 61.Kf2 Rg5 62.Ke3 Nf4 63.Rf6+ Kg7 64.Ra6 Rg6 65.Ra7+ Kf6
66.Ra6+ Kg5 67.Ra5 Re6 68.Ra8 Kg6 69.Ra5 Kf6 70.Ra8 Rb6 71.Ra3 Kg5 72.Ra7 Kh4
73.Rh7+ Kg5 74.Rf7 Rf6 75.Rg7+ Kh5 76.Rg8 Ng6 77.Re8 Kh4 78.Rg8 Kg3 79.Ke2 Kf4
80.Rg7 Ra6 81.Rf7+ Kg5 82.Kf2 Nf4 83.Kg3 Rf6 84.Re7 Nd3 85.Re8 Rf4 86.Rg8+ Kf6
87.Ra8 Ne1 88.Ra3 Nc2 89.Ra6+ Ke7 90.Ra5 Kd6 91.Ra6+ Kc5 92.Ra5+ Kd6 93.Ra6+ Kc5
94.Ra5+ Kd4 95.Rd5+ Ke3 96.Rxe5 Nd4 97.Ra5 Rxf3+ 98.Kg4 Rf4+ 99.Kg5 Nf3+
100.Kg6 Rxe4 101.Ra3+ Kf4 102.Ra1 Re6+ 103.Kf7 Ng5+ 104.Kg7 Rb6 105.Rf1+ Ke5
106.Re1+ Ne4 107.Kf7 Rf6+ 108.Ke7 Rf4 109.Ra1 Rh4 110.Ra5+ Kd4 111.Ra1 Rf4
112.Ke6 Nc5+ 113.Ke7 Rf2 114.Rd1+ Ke5 115.Re1+ Ne4 116.Ra1 Rc2 117.Ra5+ Nc5
118.Ra1 Rb2 119.Re1+ Ne4 120.Kd7 Rb6 121.Kc7 Rh6 122.Kd7 Rd6+ 123.Kc7 Rd4
124.Kc6 Rc4+ 125.Kd7 Rc3 126.Rh1 Nf6+ 127.Kd8  1/2-1/2

[Event "Autumn-3"]
[Site "Alushta UKR"]
[Date "2008.09.20"]
[Round "9"]
[White "Kovalev,An"]
[Black "Khudiakov,A"]
[Result "1-0"]
[WhiteElo "2550"]
[BlackElo "2164"]

1.e4 d6 2.d4 Nf6 3.Nc3 e5 4.Nge2 Be7 5.g3 O-O 6.Bg2 c6 7.a4 b6 8.O-O Ba6
9.Re1 Nbd7 10.h3 Bb7 11.g4 a6 12.Ng3 Ne8 13.Nf5 Bf6 14.f4 g6 15.dxe5 dxe5
16.g5 Bg7 17.Nxg7 Nxg7 18.f5 gxf5 19.exf5 Nxf5 20.Ne4 Nh4 21.Qxd7  1-0

[Event "Liga Nacional Ajedrez"]
[Site "Villa Martelli ARG"]
[Date "2008.09.20"]
[Round "7"]
[White "Granara Barreto,S"]
[Black "Tempone,M"]
[Result "1/2-1/2"]
[WhiteElo "2257"]
[BlackElo "2416"]

1.e4 d6 2.d4 Nf6 3.Nc3 Nbd7 4.Nf3 e5 5.Bc4 Be7 6.O-O O-O 7.h3 c6 8.a4 b6
9.Qe2 a6 10.Rd1 Qc7 11.d5 cxd5 12.Bxd5 Bb7 13.Bxb7 Qxb7 14.Bg5 Rfc8 15.Bxf6 Nxf6  1/2-1/2

[Event "EYg16"]
[Site "Herceg Novi MNE"]
[Date "2008.09.22"]
[Round "7"]
[White "Thorsteinsdottir,H"]
[Black "Veretennikova,D"]
[Result "1/2-1/2"]
[WhiteElo "1907"]
[BlackElo "2002"]

1.e4 d6 2.d4 Nf6 3.Nc3 e5 4.Nf3 Nbd7 5.Bc4 Be7 6.O-O O-O 7.Re1 c6 8.a4 exd4
9.Nxd4 Ne5 10.Be2 Re8 11.Bf4 Bd7 12.Qd2 Bf8 13.f3 b6 14.Rad1 a6 15.Bg5 h6
16.Be3 b5 17.axb5 axb5 18.b3 Qc7 19.h3 Ng6 20.Bd3 Ne5 21.Nce2 Nxd3 22.Qxd3 Qb7
23.Ng3 d5 24.Bf2 dxe4 25.Nxe4 Nxe4 26.Rxe4 Red8 27.Ree1 c5 28.Nf5 Be6 29.Qe4 Qxe4
30.fxe4 g6 31.Ne3 Kg7 32.Nd5 Ra2 33.c4 bxc4 34.bxc4 Ra4 35.Rc1 Rb8 36.Re2 Rd8
37.Ree1 f5 38.Nc7 Bc8 39.exf5 Bxf5 40.Ne6+ Bxe6 41.Rxe6 Rd2 42.Be1 Rd4 43.Bc3 Kf7
44.Bxd4 Kxe6 45.Be3 h5  1/2-1/2

[Event "EYg14"]
[Site "Herceg Novi MNE"]
[Date "2008.09.22"]
[Round "7"]
[White "Klek,H"]
[Black "Lezhepekova,V"]
[Result "0-1"]
[WhiteElo "1964"]
[BlackElo "1889"]

1.e4 d6 2.d4 Nf6 3.Nc3 e5 4.dxe5 dxe5 5.Qxd8+ Kxd8 6.Bc4 Bb4 7.f3 Be6 8.Bxe6 fxe6
9.Ne2 Nc6 10.Be3 a6 11.O-O-O+ Ke7 12.Na4 b6 13.a3 Bd6 14.Rd3 Rhd8 15.Rhd1 Rab8
16.Nac3 Na5 17.Nb1 Nc4 18.Bf2 b5 19.Nd2 Nxd2 20.R3xd2 a5 21.Kb1 a4 22.Nc1 b4
23.axb4 Rxb4 24.Na2 Rb7 25.c4 Ke8 26.Bc5 Ke7 27.Bxd6+ Rxd6 28.Nc1 Nd7 29.Nd3 c5
30.Ka2 Rd4 31.Rc2 Rb3 32.Rc3 Rb6 33.Nf2 Rb4 34.Rdc1 Kd6 35.Nd1 Nb8 36.Ne3 Rb7
37.Ra3 Ra7 38.Nd1 Rd2 39.Nc3 Kc6 40.Rg1 Na6 41.Kb1 Rb7 42.Nd1 Nb4 43.b3  0-1

[Event "EYg18"]
[Site "Herceg Novi MNE"]
[Date "2008.09.24"]
[Round "9"]
[White "Tonel,G"]
[Black "Orehek,S"]
[Result "1-0"]
[WhiteElo "1983"]
[BlackElo "1886"]

1.e4 d6 2.d4 Nf6 3.Nc3 e5 4.Nf3 Nbd7 5.g4 Nxg4 6.Rg1 Ngf6 7.Bc4 h6 8.Be3 c6
9.Qd3 b5 10.Bxf7+ Kxf7 11.dxe5 dxe5 12.Nxe5+ Nxe5 13.Qxd8 Nf3+ 14.Kd1 Nxg1
15.Qc7+ Be7 16.Qg3 Bg4+ 17.Ke1 Nf3+ 18.Kf1 b4 19.Ne2 Nxe4 20.Qf4+ Nf6 21.Kg2 Nh4+
22.Kf1 g5 23.Qc4+ Be6 24.Qxc6 Rhc8 25.Qa4 Ng4 26.Nd4 Nxh2+ 27.Ke2 Bc4+ 28.Kd1 N2f3
29.c3 bxc3 30.bxc3 Bd3 31.Qb3+ Bc4 32.Qc2 Nxd4 33.Bxd4 Kg8 34.Qe4 Bd6 35.Rb1 Bf7
36.Rb7 Re8 37.Qc6 Bh5+ 38.Kc1 Bf4+ 39.Kb2 Rab8 40.Qd5+  1-0

[Event "EYg16"]
[Site "Herceg Novi MNE"]
[Date "2008.09.24"]
[Round "9"]
[White "Eric,J"]
[Black "Veretennikova,D"]
[Result "1-0"]
[WhiteElo "2111"]
[BlackElo "2002"]

1.e4 d6 2.d4 Nf6 3.Nc3 e5 4.Nf3 Nbd7 5.g4 Nxg4 6.Rg1 Ngf6 7.Bc4 h6 8.Be3 c6
9.Qd3 b5 10.Bb3 Qa5 11.O-O-O Ba6 12.dxe5 dxe5 13.Qd2 O-O-O 14.Bxa7 c5 15.Bxf7 Kb7
16.Bxc5 Bxc5 17.Rxg7 Kb8 18.Bd5 Bb4 19.a3 Nxd5 20.axb4 Nxb4 21.Qd6+ Kc8 22.Kb1 Nf6
23.Qc5+ Kb8 24.Qa7+ Kc8 25.Qa8+  1-0

[Event "EYb18"]
[Site "Herceg Novi MNE"]
[Date "2008.09.24"]
[Round "9"]
[White "Pavlidis,Ana"]
[Black "Levin,Ev"]
[Result "1/2-1/2"]
[WhiteElo "2270"]
[BlackElo "2488"]

1.e4 d6 2.d4 Nf6 3.Nc3 c6 4.Nf3 Bg4 5.Be2 e6 6.O-O Be7 7.e5 Nfd7 8.exd6 Bxd6
9.Ne4 Be7 10.Ne5 Bxe2 11.Qxe2 O-O 12.c4 Nf6 13.Rd1 Nxe4 14.Qxe4 Nd7 15.Bf4 Nf6
16.Qe2 Qa5 17.a3 Rad8 18.b4 Qa4 19.Bg5 Rfe8 20.Qb2 Ne4 21.Bxe7 Rxe7 22.Re1 Nd6
23.Qc3 Rc7 24.Qf3 Nf5 25.Nd3 Qb3 26.Qf4 Re7 27.Ne5 Rxd4 28.Qc1 f6 29.Rb1 Qa2
30.Rb2 Qxa3 31.Nf3 Rdd7 32.Qb1 Qd3 33.Qa2 Nd4 34.Nd2 Ne2+ 35.Kh1 a6 36.Nb3 Nc3
37.Qa1 Qxc4 38.Nc5 Rd5 39.Rc2 Qxb4 40.Qxc3 Qxc3 41.Rxc3 a5 42.g3 b6 43.Na4 b5  1/2-1/2

[Event "EYb14"]
[Site "Herceg Novi MNE"]
[Date "2008.09.24"]
[Round "9"]
[White "Komut,K"]
[Black "Lortkipanidze,N"]
[Result "0-1"]
[WhiteElo "1813"]
[BlackElo "2080"]

1.e4 d6 2.d4 Nf6 3.Nc3 e5 4.Nge2 exd4 5.Nxd4 Be7 6.g3 O-O 7.Bg2 a6 8.O-O c5
9.Nde2 Nc6 10.f4 Qc7 11.a4 Rb8 12.b3 Re8 13.Bb2 Bf8 14.Kh1 b5 15.axb5 axb5
16.Nd5 Nxd5 17.Qxd5 Bb7 18.Qd2 b4 19.Rad1 Na5 20.Nc1 c4 21.Bd4 Bc6  0-1

[Event "EYb14"]
[Site "Herceg Novi MNE"]
[Date "2008.09.24"]
[Round "9"]
[White "Pop,A"]
[Black "Juhasz,Kr"]
[Result "0-1"]
[WhiteElo "1966"]
[BlackElo "2175"]

1.e4 d6 2.d4 Nf6 3.Nc3 e5 4.dxe5 dxe5 5.Qxd8+ Kxd8 6.Bc4 Ke8 7.Nf3 Bd6 8.Bg5 c6
9.O-O-O Bc7 10.Bxf6 gxf6 11.Nh4 Rg8 12.f3 Be6 13.Bb3 a5 14.g4 b5 15.Bxe6 fxe6
16.a4 b4 17.Ne2 Nd7 18.Ng2 Ke7 19.Ne3 Nb6 20.b3 Bd6 21.Rd3 Bc5 22.Rhd1 Rad8
23.Nf1 Rxd3 24.Rxd3 Bf2 25.Nfg3 c5 26.c4 Bd4 27.Kd1 Nd7 28.h4 Nb8 29.Ke1 Nc6
30.Rd2 Rb8 31.Rd3 Rd8 32.Kd1 Bf2 33.Rxd8 Kxd8 34.Nf1 Bxh4 35.Kd2 Bg5+ 36.Kd3 Bf4  0-1

[Event "Zvenigorodskaya Open A"]
[Site "Zvenigorod RUS"]
[Date "2008.09.26"]
[Round "2"]
[White "Airapetian,G"]
[Black "Gubajdullin,A"]
[Result "0-1"]
[WhiteElo "2351"]
[BlackElo "2441"]

1.e4 d6 2.d4 Nf6 3.Nc3 Nbd7 4.Nf3 e5 5.Bc4 Be7 6.O-O O-O 7.Re1 c6 8.a4 h6
9.b3 a6 10.d5 c5 11.Bf1 Ne8 12.Nd2 Bg5 13.g3 g6 14.Nc4 f5 15.exf5 gxf5 16.Bxg5 Qxg5
17.Qd2 Qg6 18.f4 e4 19.Nd1 h5 20.Nde3 Rb8 21.Ng2 Qf6  0-1

[Event "17th CRO-chT 1b"]
[Site "Sibenik CRO"]
[Date "2008.09.27"]
[Round "1"]
[White "Ljubicic,F"]
[Black "Jusic,Z"]
[Result "1-0"]
[WhiteElo "2415"]
[BlackElo "2383"]

1.e4 d6 2.d4 Nf6 3.Nc3 e5 4.dxe5 dxe5 5.Qxd8+ Kxd8 6.Bg5 Be6 7.O-O-O+ Kc8
8.Nf3 Nbd7 9.Bd3 Bc5 10.Rhf1 Ne8 11.Bh4 f6 12.Nd2 a6 13.Bc4 Bxc4 14.Nxc4 Nd6
15.Nxd6+ Bxd6 16.f3 Nc5 17.Nd5 Rd8 18.Bf2 Ne6 19.Rd2 b5 20.Rfd1 Kb7 21.Be3 Rf8
22.a3 a5 23.Nc3 b4 24.Nb5 Be7 25.Rd7 Rfe8 26.a4 Rad8 27.Nd6+ Bxd6 28.R1xd6 Rxd7
29.Rxd7 Kc6 30.Rd5 Ra8 31.b3 Nd8 32.c3 bxc3 33.Kc2 Nb7 34.Kxc3 Rb8 35.Rb5 Rd8
36.Kc2 Ra8 37.Bd2 Ra6 38.Be1 Ra8 39.Bd2 Ra6 40.h4 Ra8 41.h5 g6 42.h6 g5 43.g4 Ra6
44.Kd3 Ra8 45.Ke3 Ra6 46.Kf2 Rb6 47.Rd5 Rxb3 48.Bxa5 Rb2+ 49.Kg1 Nd6 50.Rd1 Nc4
51.Rc1 Kc5 52.Bxc7 Kd4 53.a5 Ra2 54.Bb6+ Kd3 55.Rd1+ Ke2 56.Rf1 Ra3 57.Kg2 Ne3+
58.Bxe3 Kxe3 59.Kg3 Rxa5 60.Re1+ Kd2 61.Rb1 Ra6 62.Kf2 Kd3 63.Rd1+ Kc4 64.Rd7 f5
65.gxf5 Rxh6 66.Rd5 Rh2+ 67.Kg3 Rh1 68.Rxe5 Rg1+ 69.Kf2 Ra1 70.f6 Ra6 71.f7  1-0

[Event "Zvenigorodskaya Open A"]
[Site "Zvenigorod RUS"]
[Date "2008.09.27"]
[Round "5"]
[White "Lavrik,D"]
[Black "Bocharov,D"]
[Result "0-1"]
[WhiteElo "2387"]
[BlackElo "2582"]

1.e4 d6 2.d4 Nf6 3.Nc3 e5 4.Nf3 Nbd7 5.g4 h6 6.Rg1 c6 7.Be3 b5 8.a3 Bb7 9.h4 h5
10.g5 Ng4 11.d5 Nxe3 12.fxe3 g6 13.Qd2 a6 14.dxc6 Bxc6 15.O-O-O Be7 16.Nd5 Bxd5
17.exd5 O-O 18.e4 Nc5 19.Nxe5 dxe5 20.d6 Qc8 21.Qc3 Bd8 22.Bh3 Ne6 23.Qxe5 Qc5
24.Qxc5 Nxc5 25.e5 Bb6 26.Rgf1 Rad8 27.d7 Ne4 28.Rf3 Bf2 29.e6 Bxh4 30.Rd4 Bxg5+  0-1

[Event "ch-Commonwealth"]
[Site "Nagpur IND"]
[Date "2008.09.28"]
[Round "1"]
[White "Meghna,C"]
[Black "Koshy,V"]
[Result "0-1"]
[WhiteElo "1729"]
[BlackElo "2283"]

1.e4 d6 2.d4 Nf6 3.Nc3 e5 4.dxe5 dxe5 5.Qxd8+ Kxd8 6.Nf3 Bd6 7.Bc4 Be6 8.Bxe6 fxe6
9.Bg5 Nc6 10.O-O-O Ke7 11.a3 a6 12.Rhe1 h6 13.Bh4 g5 14.Bg3 Nh5 15.Kb1 Rhf8
16.Rf1 Nf4 17.Bxf4 exf4 18.Nd4 Nxd4 19.Rxd4 Be5 20.Rd3 Rad8 21.Ne2 Rxd3 22.cxd3 f3
23.gxf3 Rxf3 24.Ng3 Rxd3 25.Kc2 Rf3 26.a4 a5 27.Ne2 Bxh2 28.Nd4 Rf8 29.f3 g4
30.Rf2 Bg1 31.Rd2 gxf3 32.Nxf3 Rxf3 33.Kb1 Rg3 34.e5 h5 35.Kc2 h4 36.Kd1 h3
37.Ke1 h2 38.Rxh2 Bxh2 39.Kf2 Rb3 40.Kg2 Rxb2+ 41.Kf3 b5 42.axb5 a4 43.b6 cxb6
44.Ke3 a3 45.Kd3 a2 46.Kc3 a1=Q 47.Kd3 Qa3+ 48.Kd4 Rb4+  0-1

[Event "17th CRO-chT 1b"]
[Site "Sibenik CRO"]
[Date "2008.09.28"]
[Round "2"]
[White "Zelic,Ml"]
[Black "Curic,D"]
[Result "1-0"]
[WhiteElo "2314"]
[BlackElo "2195"]

1.e4 d6 2.d4 Nf6 3.Nc3 c6 4.f4 Qa5 5.e5 Ne4 6.Bd2 Nxd2 7.Qxd2 e6 8.Nf3 Nd7
9.Bd3 b5 10.O-O b4 11.Ne4 d5 12.Neg5 g6 13.Nxf7 Kxf7 14.Ng5+ Ke7 15.Nxe6 Nxe5
16.f5 Nxd3 17.Qg5+ Kd6 18.Qg3+ Ke7 19.cxd3 gxf5 20.Nc7 Rg8 21.Qxg8  1-0

[Event "ch-Commonwealth"]
[Site "Nagpur IND"]
[Date "2008.09.30"]
[Round "3"]
[White "Matta,V"]
[Black "Akshayraj,K"]
[Result "1-0"]
[WhiteElo "2265"]
[BlackElo "2392"]

1.e4 d6 2.d4 Nf6 3.Nc3 c6 4.Nf3 Bg4 5.Be2 e6 6.O-O Be7 7.a4 O-O 8.Be3 d5
9.exd5 cxd5 10.h3 Bxf3 11.gxf3 Nc6 12.f4 Bb4 13.Kh2 Ne7 14.Bd3 Bxc3 15.bxc3 Rc8
16.Bd2 Nf5 17.Qf3 Nd6 18.Rg1 Nfe4 19.Qe2 g6 20.f3 Nxd2 21.Qxd2 Qa5 22.Qe3 Qxc3
23.Qe5 Nf5 24.Rab1 Nxd4 25.Kg3 b6 26.Rg2 Qc5 27.Qf6 Nf5+ 28.Bxf5 exf5 29.Rb5 Qc4
30.h4 Rc6 31.Qe5 Qxa4 32.Rxd5 Re6 33.Qc7 Qa1 34.Rd7 Qe1+ 35.Kh3 a5 36.h5 Re3
37.hxg6 Rxf3+ 38.Kh2 Qh4+ 39.Kg1 hxg6 40.Rxf7 Qh6 41.Rxf8+ Qxf8 42.Rxg6+ Kh8
43.Qxb6 Rh3 44.Qxa5  1-0

[Event "ch-Commonwealth"]
[Site "Nagpur IND"]
[Date "2008.09.30"]
[Round "4"]
[White "Hasan,Me"]
[Black "Mitali,M"]
[Result "1-0"]
[WhiteElo "2264"]
[BlackElo "1957"]

1.e4 d6 2.d4 Nf6 3.Nc3 e5 4.Nf3 Nbd7 5.Bc4 Be7 6.O-O O-O 7.a4 c6 8.Qe2 b6
9.h3 a6 10.b3 Bb7 11.Ba3 b5 12.Bd3 Re8 13.axb5 axb5 14.Bb2 Bf8 15.Rxa8 Bxa8
16.dxe5 dxe5 17.Nd1 g6 18.Ne3 Qb6 19.Ng4 Nxg4 20.hxg4 h6 21.Rd1 Qc7 22.g3 Bb7
23.Kg2 Bc8 24.g5 hxg5 25.Nxg5 Bh6 26.Qg4 Nf6 27.Qh4 Ng4 28.Be2 Qe7 29.Bc1 f6
30.Bxg4 Bxg5 31.Bxg5 fxg5 32.Qh3 Bxg4 33.Qxg4 Rf8 34.Rd3 Qc5 35.Rd2 Qe7 36.c3 Qf6
37.b4 Kg7 38.f3 Rd8 39.Rd7+ Rxd7 40.Qxd7+ Kf8 41.Kf2 Kg8 42.Ke3 Kf8 43.Qh7 Ke8
44.Qg8+ Ke7 45.Qc8 Kf7 46.Qd7+ Kf8 47.Qd3 Ke7 48.c4 Qd6 49.Qc3 bxc4 50.Qxc4 Qf6
51.Qc5+ Kd7 52.Qa7+ Ke8 53.Qb8+ Kd7 54.Qa7+ Ke8 55.Qb8+ Kd7 56.Qb7+ Kd8 57.Qa6 Ke7
58.Qb6 Kf7 59.Kd2 Kf8 60.Qb8+ Ke7 61.Qa7+ Ke8 62.Qc5 Kf7 63.Qc3 Ke7 64.Kc2 Kd7
65.Kb3 Qf7+ 66.Ka3 Qf6 67.Ka4 Ke7 68.Ka5 Kd7 69.Qe3 Qd8+ 70.Ka4 Qa8+ 71.Kb3 Qd8
72.Qd2+ Kc7 73.Qxd8+ Kxd8 74.Kc4 Kc7 75.Kc5 g4 76.fxg4 g5 77.b5 cxb5 78.Kxb5 Kd6
79.Kb6 Kd7 80.Kc5 Ke6  1-0